| Tag |
First Indicator |
Second Indicator |
Subfields |
| LEADER |
00000cam a2200000 a 4500 |
| 001 |
in00000024658 |
| 005 |
20151007054346.0 |
| 008 |
870903s1987 ne a b 00100 eng |
| 010 |
|
|
|a 87025393
|
| 020 |
|
|
|a 1556080336 :
|c $49.00
|
| 035 |
|
|
|a (OCoLC)16832617
|
| 035 |
|
|
|9 AAB4800AM
|
| 040 |
|
|
|a DLC
|c DLC
|d TXA
|d UtOrBLW
|
| 043 |
|
|
|a n-us---
|a e-uk---
|
| 049 |
|
|
|a TXAM
|c [A12643154]
|
| 050 |
0 |
0 |
|a HD61
|b .S59 1987
|
| 082 |
0 |
|
|a 306
|2 19
|
| 245 |
0 |
4 |
|a The social and cultural construction of risk :
|b essays on risk selection and perception /
|c edited by Branden B. Johnson and Vincent T. Covello.
|
| 264 |
|
1 |
|a Dordrecht ;
|a Boston :
|b D. Reidel Pub. Co. ;
|c [1987]
|
| 264 |
|
2 |
|a Norwell, MA, U.S.A. :
|b Sold and distributed in the U.S.A. and Canada by Kluwer Academic Publishers,
|
| 264 |
|
4 |
|c ©1987
|
| 300 |
|
|
|a xvi, 403 pages :
|b illustrations ;
|c 25 cm.
|
| 336 |
|
|
|a text
|b txt
|2 rdacontent
|
| 337 |
|
|
|a unmediated
|b n
|2 rdamedia
|
| 338 |
|
|
|a volume
|b nc
|2 rdacarrier
|
| 490 |
1 |
|
|a Technology, risk, and society ;
|v 3
|
| 504 |
|
|
|a Includes bibliographies and index.
|
| 650 |
|
0 |
|a Risk management.
|
| 650 |
|
0 |
|a Risk.
|
| 650 |
|
0 |
|a Risk
|x Social aspects.
|
| 650 |
|
0 |
|a Risk assessment.
|
| 650 |
|
0 |
|a Environmental impact analysis.
|
| 650 |
|
0 |
|a Technology
|x Risk assessment.
|
| 650 |
|
0 |
|a Environmental policy
|z United States
|x Citizen participation.
|
| 650 |
|
0 |
|a Environmental policy
|z Great Britain
|x Citizen participation.
|
| 700 |
1 |
|
|a Johnson, Branden B.
|
| 700 |
1 |
|
|a Covello, Vincent T.
|
| 830 |
|
0 |
|a Technology, risk, and society ;
|v v. 3.
|
| 999 |
|
|
|a MARS
|
| 999 |
f |
f |
|s 38461044-f10d-3855-bc21-19578ed52516
|i 6b7d1724-5fdd-34b3-8f34-bf2a6ef72fb8
|t 0
|
| 952 |
f |
f |
|p ric
|a Texas A&M University
|b Rellis Campus
|c Joint Library Facility
|d Remote Storage
|t 0
|e HD61 .S59 1987
|h Library of Congress classification
|i unmediated -- volume
|m A14827426779
|
| 998 |
f |
f |
|a HD61 .S59 1987
|t 0
|l Remote Storage
|